| 000 | 01309nam a2200313 c 4500 | ||
|---|---|---|---|
| 003 | BLK | ||
| 005 | 20180420213824.0 | ||
| 008 | 180412b bul|||||r ||||||| ||bul|| | ||
| 010 | _aKNG00005585000 | ||
| 040 | _aBLK | ||
| 041 |
_aBUL _cBUL |
||
| 080 |
_aАмериканска литература (на САЩ) _b821.111(73) _x-312.9 _z821.111(73)-312.9 |
||
| 100 | 1 |
_aСаберхаген, Фред Томас _eпърви автор _9118071 |
|
| 700 | 1 |
_aЙорданов, Галин _eпрев. от англ. _9248685 |
|
| 139 |
_aСаберхаген, Фред Томас _bС 12 |
||
| 245 | 1 | 0 |
_aБрат Берсеркер _bФантаст. роман от сер. Берсеркер _cФред Томас Саберхаген; прев. от англ. Галин Йорданов. |
| 257 | _aUSA | ||
| 260 |
_аБургас _bOфир _c1994 _fВраца : Полипринт |
||
| 300 |
_a205 с. _c20 см |
||
| 380 | _aX | ||
| 490 | 1 | _aБиблиотека Фанатастика | |
| 490 | 1 |
_3Подсерия _aВойните на бъдещето _v002 |
|
| 500 | _aОриг. загл. The Brother Berserker / F. Saberhagen. - 9 000 тир. | ||
| 852 | _aЦб 180214 | ||
| 856 | 4 |
_qpdf _u |
|
| 856 | 4 |
_qpdf _u |
|
| 942 |
_cKNG _n0 |
||
| 944 |
_aCR _c15.01.2003 _kЦветанка_Енчева |
||
| 944 |
_aED _c28.07.2006 _k |
||
| 999 |
_c4442 _d4442 |
||